Problémy a možnosti financovania malého podniku diplomová práca

Guardado en:
Detalles Bibliográficos
Autor principal: Ševcová, Lýdia
Autor Corporativo: Podnikovohospodárska fakulta EU so sídlom v Košiciach. Katedra ekonómie
Otros Autores: Vološinová, Darina
Formato: Libro
Lenguaje:eslovaco
Publicado: Košice 2008
Etiquetas: Agregar Etiqueta
Sin Etiquetas, Sea el primero en etiquetar este registro!

MARC

LEADER 00000nam$a2200000$$$4500
001 0077457
005 20240827092905.9
041 0 |a slo 
044 |a SK 
245 1 0 |a Problémy a možnosti financovania malého podniku  |b diplomová práca  |c Lýdia Ševcová ; škol. Darina Vološinová 
264 1 |a Košice  |c 2008 
300 |a 59 s. 
100 1 |a Ševcová, Lýdia 
700 1 |a Vološinová, Darina 
710 2 |a Podnikovohospodárska fakulta EU so sídlom v Košiciach. Katedra ekonómie